00388 a2200169 450000500170000001000130001702000260003003500130005603700090006908200060007810000180008424500330010226000360013527000230017130000210019470000030021520240527113433.0 aB-759189 a9789354716614c299.00 aB-759189 bGift aS aMessner, Kate aMarty Mcguire/bKate Messner aNew YorkbScholastic Inc.c2023 aNew YorkbNew York a80 p.c22 cm(Pb)